000 01177nam a2200289 a 4500
001 000024698
005 20250430121825.0
008 110202s1987 sp a r 000 0 spa d
020 _a8432078883
040 _aDO-SdBNP
_bspa
_cBNPHU
041 1 7 _aeng
_hspa
_2Código de idioma MARC
082 _a658.314
_bS529p
100 1 _aShapero, Albert
_950652
240 1 0 _aManaging professional people. Undestanding creative perforance.
_lEspañol.
245 1 0 _aLos profesionales creativos en la empresa :
_bcómo elegirlos, valorarlos y motivarlos /
_cAlbert Shapero ; traducción del inglés por Joaquín Adsuar Ortega.
260 _aBarcelona, España :
_bEditorial Planeta,
_c1987.
300 _a274, [6] p. :
_bil. ;
_c21 cm.
490 1 _aLa sociedad económica
534 _aTítulo original:
_tManaging professional people. Undestanding creative perforance.
650 0 _aAdministración de personal
_91581
650 4 _aClasificación de personal
_950653
650 4 _aMotivación del empleado
_921036
650 4 _aEmpleados
_xAdiestramiento
_950654
700 1 _aAdsuar Ortega, Joaquín María
_etr.
_950655
830 0 _aLa sociedad económica
_950656
049 _aBNGR
999 _c24191
_d24191